| 000 | 00767cam a22002771 4500 | ||
|---|---|---|---|
| 001 | 29611 | ||
| 003 | BD-RjUL | ||
| 005 | 20211209051432.0 | ||
| 008 | 140406s1952 nyua 001 0 eng d | ||
| 035 | _a(BD-RjUL) | ||
| 035 | _a(OCoLC)560140 | ||
| 040 |
_aDLC _cODaWU _dOClW-H _dOCoLC _dUk _dDLC _dBD-RjUL _beng |
||
| 041 | _aeng | ||
| 060 | _aWV 270 H669m 1952 | ||
| 082 | 0 | 0 |
_a152.2 _bHIM 1952 |
| 100 | 1 |
_aHirsh, Ira J. _990225 |
|
| 245 | 1 | 4 |
_aThe measurement of hearing / _cIra J.Hirsh. |
| 260 |
_aNew York : _bMcGraw-Hill, _c1952. |
||
| 300 |
_a364 p. : _billus. ; _c24 cm. |
||
| 490 | 0 | _aMcGraw-Hill publications in psychology | |
| 504 | _aIncludes Index | ||
| 650 | 0 |
_aHearing. _990226 |
|
| 942 |
_2ddc _cBK |
||
| 999 |
_c29611 _d29611 |
||